Présidents français - Mort subite - Statistiques

Statistiques générales
  • Ce quiz a été pris 256 551 fois
    254 153 depuis la dernière actualisation
  • Le résultat moyen est 5 sur 25
Answers on the Grid
Answers color-coded by a green-red scale on the quiz's grid according to % correct below.
Jules Ferry
Maximilien Robespierre
Aristide Briand
Léon Gambetta
Olivier Faure
Pierre Mendès-France
Casimir Perier
Georges Marchais
Paul Doumergue
Juste Leblanc
Georges Leygues
Lazare Carnot
Raymond Barre
François Millerand
Lionel Jospin
Georges Clemenceau
Napoléon Bonaparte
Henri Poincaré
Philippe Pétain
Michel Debré
Jean Casimir-Perier
Félix Faure
Marie François Sadi Carnot
Nicolas Sarkozy
François Hollande
Gaston Doumergue
Paul Doumer
François Mitterrand
Alexandre Millerand
Jules Grévy
Patrice de Mac Mahon
Louis-Napoléon Bonaparte
Raymond Poincaré
Emile Loubet
Georges Pompidou
Armand Fallières
Albert Lebrun
Vincent Auriol
Jacques Chirac
Adolphe Thiers
René Coty
Valéry Giscard d'Estaing
Paul Deschanel
Emmanuel Macron
Charles de Gaulle
 
Statistiques - réponses
Réponse % Correct
Emmanuel Macron
45%
Nicolas Sarkozy
45%
Jacques Chirac
44%
François Hollande
43%
Charles de Gaulle
42%
François Mitterrand
41%
Georges Pompidou
39%
Valéry Giscard d'Estaing
37%
René Coty
22%
Louis-Napoléon Bonaparte
20%
Félix Faure
18%
Raymond Poincaré
16%
Adolphe Thiers
15%
Marie François Sadi Carnot
12%
Vincent Auriol
12%
Paul Deschanel
11%
Patrice de Mac Mahon
10%
Paul Doumer
10%
Albert Lebrun
8%
Alexandre Millerand
8%
Gaston Doumergue
8%
Jules Grévy
8%
Emile Loubet
7%
Jean Casimir-Perier
6%
Armand Fallières
5%
Aucun quiz correspondant
Distribution des résultats
% des personnes avec chaque résultat
Percentile par nombre de réponses
Votre historique - résultats
Vous n’avez pas pris ce quiz depuis la dernière actualisation